The hostile hospital (Record no. 9193)

MARC details
000 -LEADER
fixed length control field 00795nam a22002177a 4500
003 - CONTROL NUMBER IDENTIFIER
control field OSt
005 - DATE AND TIME OF LATEST TRANSACTION
control field 20260317012206.0
008 - FIXED-LENGTH DATA ELEMENTS--GENERAL INFORMATION
fixed length control field 260317b |||||||| |||| 00| 0 eng d
020 ## - INTERNATIONAL STANDARD BOOK NUMBER
International Standard Book Number 0-06-440866-3
040 ## - CATALOGING SOURCE
Original cataloging agency DWCL GS lib
Transcribing agency OC
082 ## - DEWEY DECIMAL CLASSIFICATION NUMBER
Classification number S672h 2001
100 ## - MAIN ENTRY--PERSONAL NAME
Personal name SNICKET, LEMONY
245 ## - TITLE STATEMENT
Title The hostile hospital
Statement of responsibility, etc. LEMONY SNICKET
260 ## - PUBLICATION, DISTRIBUTION, ETC.
Place of publication, distribution, etc. New York
Name of publisher, distributor, etc. Harper Collins publishers
Date of publication, distribution, etc. 2001
300 ## - PHYSICAL DESCRIPTION
Extent 255 p
Dimensions 18 cm.
520 ## - SUMMARY, ETC.
Summary, etc. the Baudelaire orphans are fugitives accused of murder, hiding at Heimlich Hospital by posing as Volunteers Fighting Disease.
650 ## - SUBJECT ADDED ENTRY--TOPICAL TERM
Topical term or geographic name entry element The book highlights a turning point where the children are forced to engage in deceptive.
650 ## - SUBJECT ADDED ENTRY--TOPICAL TERM
Topical term or geographic name entry element the importance of critical thinking, and finding strength
700 ## - ADDED ENTRY--PERSONAL NAME
Personal name LEMONY SNICKET
942 ## - ADDED ENTRY ELEMENTS (KOHA)
Source of classification or shelving scheme Dewey Decimal Classification
Koha item type Fiction
Suppress in OPAC No

No items available.